[Event "Mauricie ch U1800"]
[Site "Trois-Rivieres CAN"]
[Date "1998.03.22"]
[Round "4"]
[White "Desmarais, Paul"]
[Black "Nguyen, Christopher"]
[Result "0-1"]
[WhiteElo "1767"]
[BlackElo "1648"]
[PlyCount "44"]
[GameId "2160767911873750"]
[EventDate "1998.03.20"]
[EventType "swiss"]
[EventRounds "5"]
[EventCountry "CAN"]

1. e4 c5 2. Nf3 e6 3. d4 cxd4 4. Nxd4 Nf6 5. Nc3 d6 6. Bg5 a6 7. f4 Nc6 8. Nxc6 bxc6 9. e5 h6 10. Bh4 g5 11. fxg5 Nd5 12. Ne4 Qb6 13. c4 dxe5 14. Qd3 Qxb2 15. Rd1 Bb4+ 16. Nd2 Nf4 17. Qe4 Bb7 18. Qe3 Rd8 19. gxh6 Bxd2+ 20. Rxd2 Qc1+ 21. Kf2 Rxd2+ 22. Kg1 Rxg2# 0-1

[Event "Mauricie ch U1800"]
[Site "Trois-Rivieres CAN"]
[Date "1998.03.22"]
[Round "5"]
[White "Boileau, Alain"]
[Black "Valley, Michel"]
[Result "1/2-1/2"]
[WhiteElo "1583"]
[BlackElo "1730"]
[PlyCount "64"]
[GameId "2160767911873751"]
[EventDate "1998.03.20"]
[EventType "swiss"]
[EventRounds "5"]
[EventCountry "CAN"]

1. e4 c5 2. f4 Nc6 3. Nf3 e6 4. d3 Nge7 5. Be2 g6 6. O-O Bg7 7. c3 d5 8. Nbd2 a6 9. Qc2 Bd7 10. Nh4 Qc7 11. Ndf3 b5 12. Be3 c4 13. Rad1 dxe4 14. dxe4 O-O 15. f5 exf5 16. Rxd7 Qxd7 17. Rd1 Qe8 18. exf5 Nxf5 19. Nxf5 gxf5 20. Bc5 Qe4 21. Qxe4 fxe4 22. Bxf8 Rxf8 23. Ng5 f5 24. Ne6 Rf7 25. Nxg7 Kxg7 26. a4 f4 27. axb5 axb5 28. Rd5 f3 29. gxf3 exf3 30. Bd1 f2+ 31. Kf1 Na7 32. b3 cxb3 1/2-1/2

[Event "Mauricie ch U1800"]
[Site "Trois-Rivieres CAN"]
[Date "1998.03.22"]
[Round "5"]
[White "Caire, Francois"]
[Black "Deschesnes, Jean"]
[Result "0-1"]
[WhiteElo "1635"]
[BlackElo "1770"]
[PlyCount "70"]
[GameId "2160767911873752"]
[EventDate "1998.03.20"]
[EventType "swiss"]
[EventRounds "5"]
[EventCountry "CAN"]

1. d4 d5 2. c4 e5 3. dxe5 d4 4. Nf3 Nc6 5. g3 Bg4 6. Bg2 Qd7 7. Bf4 O-O-O 8. Nbd2 Nge7 9. Qc2 Ng6 10. O-O-O Kb8 11. a3 Nxf4 12. gxf4 Bf5 13. Qa4 Nb4 14. b3 Qxa4 15. bxa4 Na2+ 16. Kb2 Nc3 17. Rde1 Nxa4+ 18. Kb3 Nc5+ 19. Kb2 Be7 20. Rd1 h6 21. Nb3 Na4+ 22. Ka2 Bc2 23. Nbd2 Bxd1 24. Rxd1 Bxa3 25. Ne4 Nc3+ 26. Nxc3 dxc3 27. Rxd8+ Rxd8 28. Kb1 Rd1+ 29. Kc2 Rc1+ 30. Kb3 c2 31. Nd4 Rg1 32. Nxc2 Rxg2 33. Nxa3 Rxf2 34. e3 Rxh2 35. Kc3 Kc8 0-1

[Event "Mauricie ch U1800"]
[Site "Trois-Rivieres CAN"]
[Date "1998.03.22"]
[Round "5"]
[White "Desmarais, Pierre"]
[Black "Marineau, Remi"]
[Result "1-0"]
[WhiteElo "1757"]
[BlackElo "1755"]
[PlyCount "55"]
[GameId "2160767911873753"]
[EventDate "1998.03.20"]
[EventType "swiss"]
[EventRounds "5"]
[EventCountry "CAN"]

1. e4 c5 2. Nf3 e6 3. d4 cxd4 4. Nxd4 Nf6 5. Nc3 d6 6. Bg5 Be7 7. Qd2 a6 8. O-O-O b5 9. a3 Bb7 10. f3 Nbd7 11. g3 Qa5 12. Nb3 Qc7 13. Bg2 Bc6 14. Nd4 Bb7 15. Bh3 O-O 16. Bxe6 fxe6 17. Nxe6 Qa5 18. Nxf8 Bxf8 19. Bf4 Nb6 20. Qd4 Nc4 21. Rd3 Nd7 22. Nd5 Nc5 23. Rc3 Na4 24. Rb3 Naxb2 25. Bd2 Qa4 26. Bc3 Rc8 27. Ne7+ Kf7 28. Nxc8 1-0

[Event "Mauricie ch U1800"]
[Site "Trois-Rivieres CAN"]
[Date "1998.03.22"]
[Round "5"]
[White "Maheux, Pierre"]
[Black "Nguyen, Christopher"]
[Result "0-1"]
[WhiteElo "1708"]
[BlackElo "1767"]
[PlyCount "78"]
[GameId "2160767911873754"]
[EventDate "1998.03.20"]
[EventType "swiss"]
[EventRounds "5"]
[EventCountry "CAN"]

1. e4 c5 2. Nf3 e6 3. d4 cxd4 4. Nxd4 Nf6 5. Nc3 d6 6. Be3 a6 7. Be2 Be7 8. O-O O-O 9. f4 Nc6 10. Nxc6 bxc6 11. Qe1 Rb8 12. b3 d5 13. e5 Nd7 14. Rd1 Bb4 15. Bd2 Nc5 16. Bf3 a5 17. Kh1 Ba6 18. Rg1 a4 19. g4 axb3 20. axb3 Qa5 21. Nxd5 cxd5 22. Bxb4 Qxb4 23. Qg3 Ne4 24. Qg2 Qc5 25. Bxe4 dxe4 26. h4 e3 27. Qg3 e2 28. Rc1 Qd5+ 29. Kh2 Qd2 30. Rge1 Rbc8 31. c4 Rfd8 32. Rc3 Qb2 33. Rd3 Bb7 34. Qe3 Qc2 35. Rxd8+ Rxd8 36. Rxe2 Qd1 37. Re1 Qxg4 38. Qf2 Rd3 39. Re3 Rxe3 0-1

[Event "Mauricie ch U2000"]
[Site "Trois-Rivieres CAN"]
[Date "1998.03.21"]
[Round "2"]
[White "Beaulieu, Eric"]
[Black "Pare, Jean-Francois"]
[Result "1-0"]
[WhiteElo "1985"]
[BlackElo "1871"]
[PlyCount "106"]
[GameId "2160767911873756"]
[EventDate "1998.03.20"]
[EventType "swiss"]
[EventRounds "5"]
[EventCountry "CAN"]

1. d4 d5 2. Nf3 Nc6 3. g3 Bg4 4. Bg2 e6 5. c3 Bd6 6. O-O Nf6 7. Bf4 Bxf4 8. gxf4 h5 9. Ne5 h4 10. Nxg4 Nxg4 11. e4 Nf6 12. e5 h3 13. Bf3 Nd7 14. Bg4 Qh4 15. Qf3 g5 16. Kh1 O-O-O 17. Rg1 gxf4 18. Qxf4 Rdg8 19. Nd2 Ne7 20. Rg3 Ng6 21. Qxf7 Ngxe5 22. dxe5 Rxg4 23. Nf3 Rf4 24. Qxe6 Rxf3 25. Rxf3 Qe4 26. Qf5 Qxe5 27. Qxe5 Nxe5 28. Rf5 Nd3 29. Rd1 Nxb2 30. Rdxd5 Re8 31. Rde5 Rxe5 32. Rxe5 Nd1 33. Rh5 Nxf2+ 34. Kg1 Ne4 35. Rxh3 Kd7 36. Re3 Nf6 37. Kg2 b6 38. Kf3 c5 39. h4 a6 40. Re5 Kd6 41. Kf4 Nd5+ 42. Kf5 Ne7+ 43. Rxe7 Kxe7 44. Ke5 b5 45. Kd5 c4 46. Kc5 Kf6 47. a3 Kf5 48. h5 Ke4 49. h6 Kd3 50. Kb4 a5+ 51. Kxa5 Kxc3 52. h7 Kb3 53. h8=Q c3 1-0

[Event "Mauricie ch U2000"]
[Site "Trois-Rivieres CAN"]
[Date "1998.03.21"]
[Round "4"]
[White "Cuskic, Branko"]
[Black "Soudre, Nicolas"]
[Result "0-1"]
[WhiteElo "1941"]
[BlackElo "1967"]
[PlyCount "80"]
[GameId "2160767911873758"]
[EventDate "1998.03.20"]
[EventType "swiss"]
[EventRounds "5"]
[EventCountry "CAN"]

1. Nf3 e6 2. c4 Nf6 3. g3 b6 4. Bg2 Bb7 5. O-O Be7 6. Nc3 O-O 7. b3 d6 8. d3 c5 9. e4 Nc6 10. Re1 a6 11. Bb2 Qc7 12. Rc1 Rfe8 13. a3 h6 14. d4 Na7 15. d5 e5 16. Bh3 Bc8 17. Bxc8 Qxc8 18. Nh4 Qh3 19. f3 Nh5 20. Nf5 Bg5 21. Rc2 Nc8 22. Qe2 g6 23. Ne3 Qd7 24. Bc1 Kg7 25. Rf1 Ne7 26. Qf2 f5 27. h4 Bxe3 28. Bxe3 f4 29. gxf4 exf4 30. Bc1 Ng3 31. Re1 g5 32. Bb2 Rg8 33. Qh2 Kh7 34. Rg2 g4 35. fxg4 Rxg4 36. Kf2 Rag8 37. Reg1 Ng6 38. Rxg3 fxg3+ 39. Rxg3 Ne5 40. Re3 Qf7+ 0-1

[Event "Mauricie ch U2000"]
[Site "Trois-Rivieres CAN"]
[Date "1998.03.22"]
[Round "5"]
[White "Deschamps, Martin"]
[Black "Beaupre, Jean-Marie"]
[Result "1-0"]
[WhiteElo "1786"]
[BlackElo "1728"]
[PlyCount "69"]
[GameId "2160767911873760"]
[EventDate "1998.03.20"]
[EventType "swiss"]
[EventRounds "5"]
[EventCountry "CAN"]

1. c4 Nf6 2. Nc3 g6 3. g3 Bg7 4. Bg2 O-O 5. Nf3 d6 6. O-O c5 7. d4 Nbd7 8. b3 Rb8 9. Bb2 a6 10. a4 b6 11. e4 cxd4 12. Nxd4 Bb7 13. Re1 e5 14. Nc2 Nc5 15. Nb4 Ne8 16. Nbd5 Ne6 17. Ne2 f5 18. exf5 gxf5 19. Qd2 Nc5 20. Qc2 e4 21. Bxg7 Nxg7 22. Nef4 Bxd5 23. Nxd5 Nge6 24. Qc3 Nd3 25. Re3 Nc7 26. Nxc7 Qxc7 27. Rxd3 exd3 28. Bd5+ Rf7 29. Qxd3 Kh8 30. Bxf7 Qxf7 31. Qxd6 Re8 32. Rd1 Qh5 33. Qf6+ Kg8 34. Rd7 Qg4 35. Qf7+ 1-0

[Event "Medicine Hat op"]
[Site "Medicine Hat CAN"]
[Date "1998.09.12"]
[Round "1"]
[White "Hansen, Steve"]
[Black "Fielding, Gerald"]
[Result "0-1"]
[WhiteElo "2440"]
[BlackElo "2245"]
[PlyCount "80"]
[GameId "2160767911806382"]
[EventDate "1998.09.12"]
[EventType "swiss"]
[EventRounds "5"]
[EventCountry "CAN"]

1. e4 c5 2. c3 Nf6 3. e5 Nd5 4. d4 cxd4 5. Qxd4 e6 6. Nf3 Nc6 7. Qe4 f5 8. Qe2 b6 9. g3 Bb7 10. Bg2 Qc7 11. O-O h6 12. c4 Nde7 13. Nc3 a6 14. h4 g6 15. a3 Bg7 16. Bf4 Na5 17. Nd2 Bxg2 18. Kxg2 Rc8 19. Rac1 Nxc4 20. Nxc4 Qxc4 21. Qd2 Qc6+ 22. Kg1 g5 23. Ne2 Qb7 24. Be3 Rxc1 25. Rxc1 gxh4 26. gxh4 Rg8 27. Ng3 Bxe5 28. Bf4 Ng6 29. Bxe5 Nxe5 30. Qxh6 Nf7 31. Qf6 Rg4 32. Rc3 b5 33. Kf1 Nd6 34. Qh8+ Ke7 35. Ke2 b4 36. axb4 Qxb4 37. Rd3 Nf7 38. Nxf5+ exf5 39. Re3+ Re4 40. Rxe4+ Qxe4+ 0-1

[Event "Medicine Hat op"]
[Site "Medicine Hat CAN"]
[Date "1998.09.12"]
[Round "2"]
[White "Fielding, Gerald"]
[Black "Taylor, William"]
[Result "1-0"]
[WhiteElo "2245"]
[BlackElo "2010"]
[PlyCount "35"]
[GameId "2160767911806383"]
[EventDate "1998.09.12"]
[EventType "swiss"]
[EventRounds "5"]
[EventCountry "CAN"]

1. d4 Nf6 2. c4 e6 3. Nf3 d5 4. cxd5 exd5 5. Nc3 c6 6. Bg5 Be7 7. Qc2 Be6 8. e3 Nbd7 9. Bd3 h6 10. Bh4 Qc7 11. O-O Bd6 12. Rfc1 O-O-O 13. Nb5 Qb8 14. Nxd6+ Qxd6 15. Bg3 Qb4 16. Qxc6+ bxc6 17. Ba6+ Qb7 18. Rxc6# 1-0

[Event "Medicine Hat op"]
[Site "Medicine Hat CAN"]
[Date "1998.09.13"]
[Round "4"]
[White "Fielding, Gerald"]
[Black "Yearwood, Roy"]
[Result "1-0"]
[WhiteElo "2245"]
[BlackElo "2222"]
[PlyCount "85"]
[GameId "2160767911806384"]
[EventDate "1998.09.12"]
[EventType "swiss"]
[EventRounds "5"]
[EventCountry "CAN"]

1. d4 d6 2. c4 f5 3. Nf3 Nf6 4. b3 g6 5. Bb2 Bg7 6. g3 O-O 7. Bg2 c6 8. O-O Kh8 9. Nbd2 e5 10. dxe5 Ng4 11. Qc2 dxe5 12. e4 Qc7 13. h3 Nh6 14. c5 Na6 15. a3 f4 16. b4 Be6 17. Nc4 Nf7 18. gxf4 exf4 19. Bxg7+ Kxg7 20. Rfe1 Qe7 21. Rad1 Rad8 22. Qc3+ Kg8 23. Nfe5 Rxd1 24. Rxd1 Qf6 25. Rc1 Ng5 26. h4 f3 27. Qe3 Nh3+ 28. Bxh3 Bxh3 29. Qg5 Qf4 30. Nd6 Nc7 31. Qxf4 Rxf4 32. Kh2 Bg2 33. Kg3 Ne6 34. Rc3 h5 35. Nxf3 Rg4+ 36. Kh2 Nf4 37. Re3 Bxf3 38. Rxf3 Rxh4+ 39. Kg1 g5 40. e5 Rg4+ 41. Kf1 h4 42. Nf5 Kh7 43. Ne3 1-0

[Event "Medicine Hat op"]
[Site "Medicine Hat CAN"]
[Date "1998.09.13"]
[Round "4"]
[White "Watson, Walter"]
[Black "Taylor, William"]
[Result "1/2-1/2"]
[WhiteElo "2050"]
[BlackElo "2010"]
[PlyCount "83"]
[GameId "2160767911806385"]
[EventDate "1998.09.12"]
[EventType "swiss"]
[EventRounds "5"]
[EventCountry "CAN"]

1. d4 Nf6 2. c4 g6 3. Nc3 d5 4. Bf4 c6 5. e3 Bg7 6. Nf3 O-O 7. Rc1 Bg4 8. h3 Bxf3 9. Qxf3 e6 10. c5 Qa5 11. Bd6 Re8 12. Bd3 Nbd7 13. O-O e5 14. dxe5 Nxe5 15. Qd1 Nxd3 16. Qxd3 Ne4 17. Nxe4 dxe4 18. Qb3 Qb5 19. Qc2 Re6 20. Rfd1 Rae8 21. b3 Qa5 22. Bf4 Be5 23. Bxe5 Rxe5 24. Rd7 R8e7 25. Rd4 h6 26. b4 Qc7 27. Rcd1 R5e6 28. Rd8+ Kg7 29. R1d6 Rxd6 30. Rxd6 Qc8 31. Qd2 Qf5 32. Qd4+ f6 33. Rd8 Qe6 34. Qd6 Kf7 35. Qb8 Qxa2 36. Rf8+ Kg7 37. Qd8 Qa1+ 38. Kh2 Qe5+ 39. g3 Qe6 40. Rg8+ Qxg8 41. Qxe7+ Qf7 42. Qxe4 1/2-1/2

[Event "Medicine Hat op"]
[Site "Medicine Hat CAN"]
[Date "1998.09.13"]
[Round "5"]
[White "Bishop, Tom"]
[Black "Fielding, Gerald"]
[Result "0-1"]
[WhiteElo "1891"]
[BlackElo "2245"]
[PlyCount "58"]
[GameId "2160767911806386"]
[EventDate "1998.09.12"]
[EventType "swiss"]
[EventRounds "5"]
[EventCountry "CAN"]

1. c4 Nf6 2. g3 c5 3. Bg2 d5 4. Nf3 Nc6 5. cxd5 Nxd5 6. O-O e5 7. d3 Be7 8. Nc3 Nc7 9. Qb3 O-O 10. a3 Rb8 11. Be3 Be6 12. Qc2 f6 13. Nd2 Qd7 14. Nce4 b6 15. Nf3 Rfc8 16. Nc3 b5 17. Nd1 Na6 18. Bd2 Nd4 19. Nxd4 cxd4 20. Qb1 Bb3 21. e3 Rc2 22. Bb4 Nxb4 23. axb4 Bxb4 24. Ra6 Qc8 25. Ra1 Bd2 26. Nc3 dxc3 27. Bd5+ Bxd5 28. Qxc2 Bf3 29. Qb3+ Kh8 0-1

[Event "Memories of Fischer"]
[Site "Edmonton CAN"]
[Date "1998.05.14"]
[Round "1"]
[White "Ottosen, David"]
[Black "Bjornsson, Yngvi"]
[Result "0-1"]
[WhiteElo "2076"]
[BlackElo "2029"]
[PlyCount "80"]
[GameId "2160767911873196"]
[EventDate "1998.05.14"]
[EventType "tourn"]
[EventRounds "3"]
[EventCountry "CAN"]

1. Nf3 d5 2. g3 c6 3. Bg2 Nf6 4. O-O Bf5 5. d3 h6 6. Nbd2 Nbd7 7. Re1 e5 8. e4 dxe4 9. dxe4 Be6 10. Qe2 Bc5 11. h3 Qc7 12. c3 Nh5 13. Kh2 g6 14. b4 Be7 15. Nf1 Nb6 16. Ne3 Ng7 17. Bd2 O-O-O 18. a4 f5 19. a5 Nd7 20. exf5 gxf5 21. Nc4 Bxc4 22. Qxc4 e4 23. Nd4 Ne5 24. Qa2 Nd3 25. Rf1 a6 26. Be3 Qe5 27. Ne2 h5 28. Bd4 Qd6 29. Bxg7 Rhg8 30. Bd4 h4 31. Be3 hxg3+ 32. fxg3 Bh4 33. Rxf5 Rxg3 34. Nxg3 Qxg3+ 35. Kh1 Qxe3 36. Qe6+ Kb8 37. Qg6 Nf4 38. Qg4 Nxg2 39. Qxg2 Rd2 40. Qg4 Bg3 0-1

[Event "Memories of Fischer"]
[Site "Edmonton CAN"]
[Date "1998.05.21"]
[Round "2"]
[White "Fullbrook, Nigel"]
[Black "Ottosen, David"]
[Result "1/2-1/2"]
[WhiteElo "2343"]
[BlackElo "2176"]
[PlyCount "103"]
[GameId "2160767911873197"]
[EventDate "1998.05.14"]
[EventType "tourn"]
[EventRounds "3"]
[EventCountry "CAN"]

1. e4 c5 2. c3 Nf6 3. e5 Nd5 4. d4 cxd4 5. Nf3 Nc6 6. cxd4 d6 7. exd6 e6 8. Nc3 Bxd6 9. Bd3 Ncb4 10. Bb1 Nf6 11. O-O O-O 12. Bg5 Be7 13. a3 Nbd5 14. Qd3 g6 15. Re1 b6 16. Ne5 Bb7 17. Qh3 Nh5 18. Bh6 Ndf4 19. Qg4 f5 20. Qd1 Nxg2 21. Ba2 Ng7 22. d5 Nxe1 23. Qxe1 exd5 24. Nxd5 Bxd5 25. Nc6 Bf6 26. Nxd8 Raxd8 27. Bxg7 Kxg7 28. Bxd5 Rxd5 29. Qb4 Re8 30. Rc1 Re7 31. Rc8 Rdd7 32. Kg2 Rc7 33. Rxc7 Rxc7 34. Qd6 Rf7 35. b4 Bb2 36. b5 Bf6 37. f4 h6 38. Kf3 g5 39. Qe6 Kg6 40. h3 Re7 41. Qg8+ Bg7 42. a4 Re4 43. fxg5 hxg5 44. Qa2 Bd4 45. Qd5 Bf6 46. a5 bxa5 47. Qb7 Rb4 48. Qc8 Rb3+ 49. Kg2 a4 50. Qe8+ Kg7 51. Qd7+ Kg6 52. Qe8+ 1/2-1/2

[Event "Memories of Fischer"]
[Site "Edmonton CAN"]
[Date "1998.05.28"]
[Round "3"]
[White "Ottosen, David"]
[Black "Hughey, Micah"]
[Result "0-1"]
[WhiteElo "2176"]
[BlackElo "2023"]
[PlyCount "78"]
[GameId "2160767911873198"]
[EventDate "1998.05.14"]
[EventType "tourn"]
[EventRounds "3"]
[EventCountry "CAN"]

1. e4 c6 2. d4 d5 3. Nd2 dxe4 4. Nxe4 Nd7 5. Nf3 Ngf6 6. Ng3 e6 7. Bd3 Be7 8. O-O O-O 9. Bf4 Nd5 10. Bd2 Qc7 11. c4 Nf4 12. Bc2 b6 13. Rc1 Bb7 14. Ne5 Ng6 15. Nxg6 hxg6 16. d5 exd5 17. cxd5 c5 18. Qf3 Nf6 19. Bb3 Rad8 20. Bf4 Bd6 21. Bg5 Be5 22. Rc2 b5 23. Ne4 c4 24. a4 Bxd5 25. Bxf6 gxf6 26. Nxf6+ Bxf6 27. Qxf6 Qb7 28. Rd1 cxb3 29. Rc3 Qb6 30. Qxb6 axb6 31. Rcd3 Rfe8 32. f4 bxa4 33. Rxd5 Re1+ 34. Rxe1 Rxd5 35. Re2 Rb5 36. Re8+ Kg7 37. Ra8 Ra5 38. Rb8 a3 39. bxa3 Rb5 0-1

[Event "Montcalm I 1998-99"]
[Site "Quebec CAN"]
[Date "1998.10.01"]
[Round "2"]
[White "Poliquin, Yvon"]
[Black "Caire, Francois"]
[Result "0-1"]
[WhiteElo "1853"]
[BlackElo "1747"]
[PlyCount "74"]
[GameId "2160767911806330"]
[EventDate "1998.09.24"]
[EventType "swiss"]
[EventRounds "5"]
[EventCountry "CAN"]

1. e4 c5 2. Nc3 Nc6 3. Nf3 e6 4. d4 cxd4 5. Nxd4 d6 6. Bc4 Nf6 7. Be3 Be7 8. Qe2 a6 9. Bb3 Na5 10. Rg1 Nxb3 11. axb3 e5 12. Nf3 Bd7 13. Nd2 b5 14. g4 Bc6 15. g5 Nd7 16. h4 Qc7 17. Nf1 Bb7 18. O-O-O Nc5 19. Bxc5 Qxc5 20. Ne3 O-O 21. Ncd5 Bxd5 22. Rxd5 Qc7 23. Rgd1 Rfd8 24. R5d3 Bf8 25. h5 Qe7 26. Qg4 Qe6 27. Qg2 a5 28. Nd5 Rac8 29. Rg3 Rc6 30. g6 fxg6 31. hxg6 h6 32. Rf3 Rdc8 33. Rd2 Be7 34. Nxe7+ Qxe7 35. Rf7 Qe6 36. Rb7 Qxb3 37. f3 Qa2 0-1

[Event "Montcalm I 1998-99"]
[Site "Quebec CAN"]
[Date "1998.10.08"]
[Round "3"]
[White "Drolet, Stephane"]
[Black "Caire, Francois"]
[Result "0-1"]
[WhiteElo "1914"]
[BlackElo "1747"]
[PlyCount "96"]
[GameId "2160767911806331"]
[EventDate "1998.09.24"]
[EventType "swiss"]
[EventRounds "5"]
[EventCountry "CAN"]

1. d4 e6 2. c4 Nf6 3. Nc3 Bb4 4. f3 c5 5. d5 Nh5 6. g3 Bxc3+ 7. bxc3 f5 8. Nh3 Qa5 9. Qc2 O-O 10. Rb1 exd5 11. Rb5 Qc7 12. Nf4 Nxf4 13. Bxf4 Qc6 14. Qb3 b6 15. cxd5 Qf6 16. Qc2 Ba6 17. Rb1 Bc4 18. Qd2 Na6 19. e4 Bxf1 20. e5 Qf7 21. Kxf1 h6 22. h4 c4 23. Qd4 Rfc8 24. Kg2 Rc5 25. Rbd1 Nc7 26. e6 dxe6 27. Bxc7 Rxc7 28. dxe6 Qxe6 29. Rhe1 Qf7 30. Re5 Re8 31. f4 Ree7 32. Qd8+ Kh7 33. Qd5 Rcd7 34. Rxe7 Rxe7 35. Qxf7 Rxf7 36. Rd4 Rc7 37. Rd5 g6 38. Kf2 Kg7 39. Ke3 Re7+ 40. Kd2 Kf6 41. Rd4 Re4 42. Rd7 a6 43. Rd6+ Re6 44. Rd4 b5 45. a4 Ke7 46. axb5 axb5 47. Rd5 Rd6 48. Rxd6 Kxd6 0-1

[Event "Montcalm I 1998-99"]
[Site "Quebec CAN"]
[Date "1998.10.15"]
[Round "4"]
[White "Caire, Francois"]
[Black "Auger, Bertrand"]
[Result "1-0"]
[WhiteElo "1747"]
[BlackElo "2043"]
[PlyCount "147"]
[GameId "2160767911806332"]
[EventDate "1998.09.24"]
[EventType "swiss"]
[EventRounds "5"]
[EventCountry "CAN"]

1. d4 Nf6 2. c4 e6 3. Nf3 b6 4. Nc3 Bb4 5. Bg5 Bxc3+ 6. bxc3 Bb7 7. e3 d6 8. Bd3 Nbd7 9. Qc2 h6 10. Bh4 e5 11. e4 O-O 12. O-O Re8 13. Nd2 Re7 14. Rae1 Qf8 15. h3 g5 16. Bg3 Nh5 17. Kh2 Kh8 18. Be2 Ndf6 19. Bxh5 Nxh5 20. Qd1 Nf6 21. f3 Qg7 22. Rg1 Nh5 23. Nf1 Rf8 24. Bf2 f5 25. exf5 Rxf5 26. Ng3 Nxg3 27. Bxg3 h5 28. Rgf1 Qf7 29. Qa4 a6 30. Kg1 h4 31. Bf2 Qf8 32. d5 Bc8 33. Re4 Rg7 34. Qd1 Rf6 35. Qd2 Bf5 36. Re2 Bh7 37. Be3 Rf5 38. Ref2 Qf6 39. a3 Qg6 40. Rd1 Rf8 41. Kh2 Kg8 42. Kg1 Rf5 43. Kh2 Qf6 44. Kg1 Rf7 45. Rdf1 Qg6 46. Rd1 Kg7 47. Kh2 Kh6 48. Kg1 R7f6 49. Rdf1 Bg8 50. Kh2 Bf7 51. Kg1 Be8 52. Rc1 Bd7 53. Kh2 Rf7 54. Kg1 Re7 55. Qc2 e4 56. fxe4 Rxf2 57. Qxf2 Rf7 58. Qxh4+ Qh5 59. Bxg5+ Kg6 60. Qxh5+ Kxh5 61. h4 Bg4 62. Rf1 Rh7 63. Kf2 Rf7+ 64. Ke1 Rh7 65. Kd2 Bd7 66. g3 Kg4 67. Bf4 Re7 68. Kd3 Be8 69. Re1 Bg6 70. Kd4 Kf3 71. Re3+ Kg4 72. e5 Bf5 73. exd6 Rxe3 74. Kxe3 1-0

[Event "Montcalm II 1998-99"]
[Site "Quebec CAN"]
[Date "1998.10.29"]
[Round "2"]
[White "Caire, Francois"]
[Black "Dumont, Eric"]
[Result "1-0"]
[WhiteElo "1865"]
[BlackElo "1533"]
[PlyCount "59"]
[GameId "2160767911806220"]
[EventDate "1998.10.22"]
[EventType "swiss"]
[EventRounds "5"]
[EventCountry "CAN"]

1. d4 f5 2. e4 fxe4 3. Nc3 Nf6 4. Bg5 g6 5. Bxf6 exf6 6. Nxe4 d5 7. Ng3 Nc6 8. Nf3 Bg7 9. Qd2 h5 10. Bd3 Kf7 11. c3 Bg4 12. Qc2 Qe7+ 13. Ne2 g5 14. O-O-O Na5 15. Ng3 b5 16. Bg6+ Kf8 17. Rde1 Qd7 18. h4 Bxf3 19. gxf3 b4 20. cxb4 Nc4 21. Nf5 gxh4 22. Re7 Bh6+ 23. Kb1 Qxe7 24. Nxe7 Kxe7 25. Re1+ Kd6 26. Qf5 c6 27. Qxf6+ Kc7 28. b5 cxb5 29. Re7+ Kb8 30. Qxh8+ 1-0

[Event "Montcalm II 1998-99"]
[Site "Quebec CAN"]
[Date "1998.11.05"]
[Round "3"]
[White "Sauve, Richard"]
[Black "Caire, Francois"]
[Result "1-0"]
[WhiteElo "1915"]
[BlackElo "1865"]
[PlyCount "58"]
[GameId "2160767911806221"]
[EventDate "1998.10.22"]
[EventType "swiss"]
[EventRounds "5"]
[EventCountry "CAN"]

1. e4 c5 2. c3 d5 3. exd5 Qxd5 4. d4 Nc6 5. dxc5 Qxc5 6. Na3 a6 7. Be3 Qd6 8. Qxd6 exd6 9. O-O-O d5 10. Nf3 Be6 11. Nc2 O-O-O 12. Ncd4 Nxd4 13. Nxd4 Nf6 14. f3 h6 15. Bd3 g6 16. Rhe1 Re8 17. Bf4 Rg8 18. Re2 g5 19. Be5 Nd7 20. Bh7 Bg7 21. Bxg8 Bxe5 22. Bh7 Bxh2 23. Kc2 Be5 24. Nxe6 fxe6 25. Bg6 Rf8 26. Rh1 Rf6 27. Rxh6 Kc7 28. Re1 Kc6 29. Reh1 Nf8 1-0

[Event "Montcalm II 1998-99"]
[Site "Quebec CAN"]
[Date "1998.11.12"]
[Round "4"]
[White "Caire, Francois"]
[Black "Sylvain, Gabriel"]
[Result "1/2-1/2"]
[WhiteElo "1865"]
[BlackElo "1557"]
[PlyCount "63"]
[GameId "2160767911806222"]
[EventDate "1998.10.22"]
[EventType "swiss"]
[EventRounds "5"]
[EventCountry "CAN"]

1. d4 Nf6 2. c4 e6 3. Nf3 d5 4. Nc3 Bb4 5. Bg5 O-O 6. e3 c5 7. cxd5 exd5 8. dxc5 Be6 9. Rc1 h6 10. Bxf6 Qxf6 11. a3 Bxc3+ 12. Rxc3 a5 13. Nd4 Nc6 14. Nxc6 bxc6 15. Bd3 Rfb8 16. Qc2 Ra7 17. O-O d4 18. exd4 Qxd4 19. Rd1 Qf6 20. Be4 a4 21. Rf3 Qe7 22. Re1 Qb7 23. Rb1 Qb5 24. Qc3 Rd7 25. Rg3 f5 26. Qf6 Qc4 27. Bxf5 Bxf5 28. Qxf5 Rf7 29. Qg6 Rxb2 30. Rd1 Rd2 31. Rb1 Rb2 32. Rd1 1/2-1/2

[Event "Montcalm II 1998-99"]
[Site "Quebec CAN"]
[Date "1998.11.12"]
[Round "4"]
[White "Gaspariants, Vladimir"]
[Black "Auger, Bertrand"]
[Result "0-1"]
[WhiteElo "2299"]
[BlackElo "2030"]
[PlyCount "94"]
[GameId "2160767911806223"]
[EventDate "1998.10.22"]
[EventType "swiss"]
[EventRounds "5"]
[EventCountry "CAN"]

1. e4 e6 2. d3 d5 3. Nd2 Nf6 4. Ngf3 c5 5. g3 Nc6 6. Bg2 Be7 7. O-O b6 8. Re1 Bb7 9. e5 Nd7 10. h4 h6 11. Nf1 g5 12. hxg5 hxg5 13. N1h2 Qc7 14. Ng4 Rh5 15. c3 O-O-O 16. Bd2 Rdh8 17. b4 Nd8 18. d4 c4 19. Qc1 Rg8 20. b5 f5 21. exf6 Nxf6 22. Nxf6 Bxf6 23. Ne5 Qd6 24. Qd1 Rh7 25. Qf3 Bxe5 26. dxe5 Qe7 27. Qg4 d4 28. Qxd4 Rgh8 29. Qxc4+ Kb8 30. f3 Rh2 31. Kf2 Rf8 32. Re3 Qh7 33. Rg1 Qh3 34. Qb4 Qf5 35. g4 Qf7 36. Ke1 Qg7 37. Qd6+ Ka8 38. c4 Qh6 39. Bb4 Rh8 40. Qc7 Qg6 41. Bd6 Nf7 42. c5 Rc8 43. Qe7 bxc5 44. b6 a6 45. Kf2 Qc2+ 46. Kg3 Rch8 47. Qf8+ Rxf8 0-1

[Event "Montcalm III 1998-99"]
[Site "Quebec CAN"]
[Date "1998.11.26"]
[Round "1"]
[White "Lessard, Jean-Francois"]
[Black "Beaudry, Marc-Andre"]
[Result "0-1"]
[WhiteElo "1109"]
[BlackElo "2083"]
[PlyCount "68"]
[GameId "2160767911806057"]
[EventDate "1998.11.26"]
[EventType "swiss"]
[EventRounds "4"]
[EventCountry "CAN"]

1. e4 c5 2. Nf3 e6 3. d4 cxd4 4. Nxd4 Nf6 5. Nc3 d6 6. f4 Nc6 7. Be2 Be7 8. O-O O-O 9. Be3 Bd7 10. Qe1 Nxd4 11. Bxd4 Bc6 12. Qg3 g6 13. Bd3 Nh5 14. Qg4 Nxf4 15. Rxf4 e5 16. Bxe5 dxe5 17. Rf3 Bg5 18. Raf1 Qb6+ 19. Kh1 Qxb2 20. Bc4 Be8 21. Qg3 Bf4 22. Qf2 Rc8 23. Nd1 Qd4 24. Bd5 Qxf2 25. R1xf2 Bc6 26. Nc3 Bxd5 27. Nxd5 Bg5 28. Ra3 a6 29. c3 Rc4 30. Re2 Kg7 31. Kg1 Rfc8 32. Kf2 R4c5 33. Kf3 a5 34. Ne3 Rxc3 0-1

[Event "Montcalm III 1998-99"]
[Site "Quebec CAN"]
[Date "1998.12.03"]
[Round "2"]
[White "Beaudry, Marc-Andre"]
[Black "Richard, Christian"]
[Result "1/2-1/2"]
[WhiteElo "2083"]
[BlackElo "1778"]
[PlyCount "69"]
[GameId "2160767911806058"]
[EventDate "1998.11.26"]
[EventType "swiss"]
[EventRounds "4"]
[EventCountry "CAN"]

1. c4 c5 2. Nc3 e5 3. g3 g6 4. Bg2 Bg7 5. d3 Nc6 6. Nf3 d6 7. O-O Nge7 8. Rb1 O-O 9. a3 a5 10. Ne1 Be6 11. Nc2 f5 12. f4 Qd7 13. Bd2 a4 14. b4 axb3 15. Rxb3 e4 16. Qb1 Rfb8 17. Ne3 Nd4 18. dxe4 Nxb3 19. Qxb3 fxe4 20. Bxe4 Bd4 21. Kh1 Nf5 22. Ned5 Bxd5 23. Bxd5+ Kg7 24. Nb5 Re8 25. e4 Ne7 26. Nxd4 Nxd5 27. cxd5 cxd4 28. Qd3 Kg8 29. Bb4 Rac8 30. Qxd4 Qh3 31. Re1 Rc2 32. Qg1 Rec8 33. e5 Ra2 34. Ra1 Re2 35. Rb1 1/2-1/2